000 00833nam a2200253Ia 4500
003 OSt
005 20220923224838.0
006 a|||||r|||| 00| 0
007 ta
008 220922b |||||||| |||| 00| 0 hin d
024 _a252,059
037 _cTextual
040 _aARTS
_cARTS
_bhin
041 _2hin
_ahin
082 _aO152,2M50,SA, M9
100 _aभारतेन्दु हरिशचन्द्र
245 0 _aसत्यहरिश्चन्द्र
246 _aSatyaharishchandra
260 _aजयपुर
_b साहित्यगार
_c1989
300 _a100पृ.
_ccm.
650 _aहिन्दी साहित्य
_9156264
942 _hO152,2M50,SA, M9
_cTEXL
_2CC
999 _c374070
_d374070